000 00504nam a2200181Ia 4500
008 090124s9999 xx 000 0 und d
082 _b129991
100 _aबोकील मिलिंद
245 _a झेन गार्डन
250 _a1
260 _c2000
300 _a232
600 _aबोकील मिलिंद
630 _a झेन गार्डन
700 _aबोकील मिलिंद
730 _a झेन गार्डन
942 _cBOOK
999 _c176080
_d176080